000
00299nam a22001217a 4500
020
_a
0-8247-1421-0
082
_a
621.81502854 RYA'C
100
_a
RYAN, D.L
_9
75349
245
_a
COMPUTER AIDED KINETICS FOR MACHINE DESIGN
260
_a
NEWYORK
_b
MARCEL DEKKER
_c
1981
300
_a
273P
942
_c
BK
999
_c
580781
_d
580781